000 01187cam a22003014a 4500
001 12893790
003 NUST - PNEC
005 20170116181137.0
008 020813s2003 maua b 001 0 eng
010 _a 2002032660
020 _a1580533787 (alk. paper)
040 _aDLC
_cLIBRARY
042 _apcc
050 0 0 _aTA168
_b.F29 2003
082 0 0 _a658.404 FAU
100 1 _aFaulconbridge, R. Ian.
245 1 0 _aManaging complex technical projects : a systems engineering approach /
_cR. Ian Faulconbridge, Michael J. Ryan.
260 _aBoston :
_bArtech House,
_cc2003.
300 _axv, 255 p. :
_bill. ;
_c24 cm.
440 0 _aArtech House technology management and professional development library
504 _aIncludes bibliographical references and index.
650 0 _aSystems engineering.
_xMIS
650 0 _aProject management.
700 1 _aRyan, M. J.
_q(Michael J.)
906 _a7
_bcbc
_corignew
_d1
_eocip
_f20
_gy-gencatlg
942 _2ddc
_cBK
999 _c70303
_d70303